LEADER 01488nam a2200313 u 4500 001 000000048184 003 CaOOAMICUS 005 20070226114954.0 008 000410s1999 it u000 u ger u 020 $a8876531416 035 $a10845415 040 $aPUL$bita$dBAV 100 1 $aNay, Reto,$d1962-$0(OLS)http://pul/name/34977 245 10$aJahwe im Dialog :$bKommunikationsanalytische Untersuchung von Ez 14,1-11 unter Berücksichtigung des dialogischen Rahmens in Ez 8-11 und Ez 20 /$cReto Nay. 260 $aRoma :$bPontificio Istituto Biblico,$c1999. 300 $axii, 424 p. ;$c24 cm 490 1 $aAnalecta biblica ;$v141 504 $a"Literaturverzeichnis": p. [365]-397. 630 04$aBiblia.$pV.T.$pEzechiel.$0(OLS)http://pul/subject/14845 710 2 $aPontificio istituto biblico.$0(OLS)http://pul/name/471 830 0$aAnalecta biblica ;$v141.$0(OLS)http://pul/title/100 850 $aPUL 852 $aPUL$W1$xSL Religione 1$y3$m10(4) A 141$j64265$nBK-PRI$b $qStampati$B64265$CPULBib$Z2$F64265 $H $81 910 $aPontificium institutm biblicum$9471 941 1 $a8 961 $aINV: 81401 996 $6020$a8876531416$9(OLS)http://pul/number/60507 996 $6245$aJahwe im Dialog :$bKommunikationsanalytische Untersuchung von Ez 14,1-11 unter Berücksichtigung des dialogischen Rahmens in Ez 8-11 und Ez 20$9(OLS)http://pul/title/64881 996 $6260$aRoma :$bPontificio Istituto Biblico$9(OLS)http://pul/publisher/49008 LEADER 01504nam a2200349 a 4500 001 000000137314 003 CaOOAMICUS 005 20140212141131.0 008 140212s1994 it u000 u ita r 020 $a88-420-4509-8 040 $aPUL$bita 245 03$aLa stampa italiana nell'etą della TV :$b1975-1994 /$ca cura di Valerio Castronovo e Nicola Tranfaglia ; Alberto Abruzzese ... [et al.]. 260 $aRoma ;$aBari :$bLaterza,$c©1994. 300 $aXI, 633 p. ;$c21 cm 490 1 $aStoria e societą 490 1 $aStoria della stampa italiana ;$v07 500 $aInclude indice. 504 $aBibliografia in nota. 650 4$aStampa$xStoria.$0(OLS)http://pul/subject/20028 700 1 $aTranfaglia, Nicola,$d1938-$0(OLS)http://pul/name/446 700 1 $aCastronovo, Valerio,$d1935-$0(OLS)http://pul/name/4302 700 1 $aAbruzzese, Alberto.$0(OLS)http://pul/name/43353 830 0$aStoria e societą (Laterza).$0(OLS)http://pul/title/761 830 0$aStoria della stampa italiana ;$v07.$0(OLS)http://pul/title/173828 850 $aPUL 852 $aPUL$W1$xDP1 Fondo E. Rossi$y115$m6 A 23$j42563$qFondi$B157823$CPULBib$Z2$F157823 $82 941 1 $a1 961 $aSul dorso collocazione ms. di E. Rossi: Com G C 2 996 $6020$a88-420-4509-8$9(OLS)http://pul/number/154452 996 $6245$aLa stampa italiana nell'etą della TV :$b1975-1994$9(OLS)http://pul/title/173833 996 $6260$aRoma ;$aBari :$bLaterza$9(OLS)http://pul/publisher/57682